00486nam a2200181Ia 4500003000900000008004100009020001800050040001600068080001500084100001700099245004800116260003000164300001300194490004000207650001900247650002700266650001100293IN-BaIIA211028s9999 xx 000 0 eng d a0-85274-176-6 cIIA Library a535.8bBAR aBarnes, K. R 4aThe optical transfer functioncK. R. Barnes aLondonbAdam Hilgerc1971 aix, 78p. aMonographs on applied optics; no. 3 aNASA Thesaurus aOptical transformation aOptics